LEADER 01528nam a2200289 u 4500 001 000000071830 003 CaOOAMICUS 005 20070226122156.0 008 020605s1950 fr u000 u fre u 035 $a10932184 040 $aPUL(R)$bita 100 1 $aBehr-Sigel, Elisabeth,$d1907-$0(OLS)http://pul/name/47613 245 10$aPrière et sainteté dans l'Eglise russe :$bsuivi d'un essai sur le Rôle du monachisme dans la vie spirituelle du peuple russe /$cE. Behr Sigel. 246 30$aEssai sur le rôle du monachisme dans la vie spirituelle du peuple russe 260 $aParis :$bLes Éditions du Cerf,$c1950. 300 $a180 p. ;$c23 cm 504 $aNote bibliografiche. 610 24$aChiesa ortodossa$xStoria.$0(OLS)http://pul/subject/8625 650 4$aPreghiera.$0(OLS)http://pul/subject/997 850 $aPUL 852 $aPUL$W1$xDP1 Religione 1$y20$m555 L 6$j92910$nBK-PRI$b $qStampati$B92910$CPULBib$Z2$F92910 $H $81 852 $aPUL$W1$xDP1 Fondo Pastorale$y55$mP5 C 8$j92911$nBK-PRI$b $qFondi$B92911$CPULBib$Z2$F92911 $HPUL715 $81 941 1 $a8 941 1 $a1 996 $6245$aPrière et sainteté dans l'Eglise russe :$bsuivi d'un essai sur le Rôle du monachisme dans la vie spirituelle du peuple russe$9(OLS)http://pul/title/94534 996 $6246$aEssai sur le rôle du monachisme dans la vie spirituelle du peuple russe$9(OLS)http://pul/title/94535 996 $6260$aParis :$bLes Éditions du Cerf$9(OLS)http://pul/publisher/47861 LEADER 02418nam a2200325 a 4500 001 000000173162 003 CaOOAMICUS 005 20200205114935.0 008 200205s1572 it 000 u lat r 026 $ai-n- tit;$bi-a- e&ic (C)$c1572 (A) 032 $aLibriCat 040 $aPUL$bita$d 100 1 $aBaius, Michael, $d1531-1589.$0(OLS)http://pul/name/111227 245 10$aEpistola Michaelis Baii ... De statuum inferioris Germaniae unione cum iis, qui praeter omnium hactenus haereticorum morem, se Desertores Romanae Catholicae religionis vocant: Et de Iuramento, quod eorum iussu à clero, et monachis exigitur ... 260 $aRomae :$bapud haeredes Antonij Bladij impressores camerales,$c1572$e(Romae :$fapud haeredes Antonij Bladii impressores camerales,$g1572) 300 $a [8] c. ;$c8° (16 cm) 500 $aSegnatura: A-B4 500 $a Stemma stampato in rosso e nero sul front. 500 $aCapilettera. 500 $aCorsivo. 662 $aItalia$dRoma.$0(OLS)http://pul/subject/34878 710 0 $aBlado, Antonio, eredi.$0(OLS)http://pul/name/71510 787 0 $aFerrandus Carthaginiensis, c. 500-547.$tS. Ferrandi Karthaginiensis Ecclesiae diaconi Opuscula.$dRomae : [s.n.], 1578$w()173152 850 $aPUL 852 $aPUL$W1$xDP1 Antico 500$y12$m527 F 27 Int. 7$j197138$qStampati Antico$B201925$CPULBib$Z2$F201925 $82 941 1 $a15 961 $aAutore e titolo dell'opera abbreviato sul dorso. Stemma di Gregorio XIII e dell'ordine dei Gesuiti (JHS) sul dorso. Annotazione ms. sul piatto anteriore: "Int U I". Precedente appartenenza: Collegio Germanico - Bibl. Sup. Tagli spruzzati di rosso e verde. Opera rilegata con: "S. Ferrandi Karthaginiensis..." (coll. 527 F 27 Int. 1), "Orationes..." (coll. 527 F 27 Int. 2), "Sancti patris nostri Iohannis..." (coll. 527 F 27 Int. 3), "Achillis Statii Lusitani..."(coll. 527 F 27 Int. 4), "S. Pachomii... Regula"(coll. 527 F 27 Int. 5), "Venantii Honorii..."(coll. 527 F 27 Int. 6). 996 $6245$aEpistola Michaelis Baii ... De statuum inferioris Germaniae unione cum iis, qui praeter omnium hactenus haereticorum morem, se Desertores Romanae Catholicae religionis vocant: Et de Iuramento, quod eorum iussu à clero, et monachis exigitur ...$9(OLS)http://pul/title/214242 996 $6260$aRomae :$bapud haeredes Antonij Bladij impressores camerales$9(OLS)http://pul/publisher/80696